| 000 -LEADER |
| fixed length control field |
03321cam a22003614a 4500 |
| 001 - CONTROL NUMBER |
| control field |
16343770 |
| 005 - DATE AND TIME OF LATEST TRANSACTION |
| control field |
20170105102841.0 |
| 008 - FIXED-LENGTH DATA ELEMENTS--GENERAL INFORMATION |
| fixed length control field |
100722s2011 enk b 001 0 eng |
| 010 ## - LIBRARY OF CONGRESS CONTROL NUMBER |
| LC control number |
2010029803 |
| 020 ## - INTERNATIONAL STANDARD BOOK NUMBER |
| International Standard Book Number |
9780415599771 (cloth : alk. paper) |
| 020 ## - INTERNATIONAL STANDARD BOOK NUMBER |
| International Standard Book Number |
0415599776 (cloth : alk. paper) |
| 020 ## - INTERNATIONAL STANDARD BOOK NUMBER |
| International Standard Book Number |
9780203832752 (ebook) |
| 020 ## - INTERNATIONAL STANDARD BOOK NUMBER |
| International Standard Book Number |
0203832752 (ebook) |
| 040 ## - CATALOGING SOURCE |
| Original cataloging agency |
DLC |
| Transcribing agency |
DLC |
| Modifying agency |
DLC |
| 043 ## - GEOGRAPHIC AREA CODE |
| Geographic area code |
ac----- |
| -- |
e-ur--- |
| 050 00 - LIBRARY OF CONGRESS CALL NUMBER |
| Classification number |
DK855.8 |
| Item number |
.H47 2011 |
| 082 00 - DEWEY DECIMAL CLASSIFICATION NUMBER |
| Classification number |
958.0072/047 |
| Edition number |
22 |
| 245 04 - TITLE STATEMENT |
| Title |
The heritage of Soviet Oriental studies / |
| Statement of responsibility, etc. |
edited by Michael Kemper and Stephan Conermann. |
| 260 ## - PUBLICATION, DISTRIBUTION, ETC. |
| Place of publication, distribution, etc. |
Milton Park, Abingdon, Oxon ; |
| -- |
New York : |
| Name of publisher, distributor, etc. |
Routledge, |
| Date of publication, distribution, etc. |
2011. |
| 300 ## - PHYSICAL DESCRIPTION |
| Extent |
xv, 336 p. ; |
| Dimensions |
25 cm. |
| 490 0# - SERIES STATEMENT |
| Series statement |
Routledge contemporary Russia and Eastern Europe series ; |
| Volume/sequential designation |
25 |
| 504 ## - BIBLIOGRAPHY, ETC. NOTE |
| Bibliography, etc. note |
Includes bibliographical references and index. |
| 505 0# - FORMATTED CONTENTS NOTE |
| Formatted contents note |
Foreword : the heritage of Soviet Oriental studies / Stephan Conermann -- Introduction : integrating Soviet Oriental studies / Michael Kemper -- The imperial roots of Soviet Orientology / David Schimmelpenninck van der Oye -- Profiles under pressure : Orientalists in Petrograd/Leningrad, 1918-56 / Mikhail Rodionov -- Between the "language of humanity" and latinizatsiia : Nikolai Marr and the Oriental Department of the State Public Library in Leningrad / Aleksei Asvaturov -- The contribution of Oriental scholarship to the Soviet anti-Islamic discourse : from the Union of Militant Atheists to the Knowledge Society / Vladimir Bobrovnikov -- Soviet Kurdology and Kurdish Orientalism / Michiel Leezenberg -- Evgenii M. Primakov : Arabist and KGB middleman, director and statesman / Mikhail Roshchin -- The Leningrad/St. Petersburg School of Scientific Islamology / Stanislav M. Prozorov -- Hijacking Islam : the search for a new Soviet interpretation of political Islam in 1980 / Hanna E. Jansen and Michael Kemper -- Scholars, advisers and state-builders : Soviet Afghan studies in the light of present-day Afghan development / Anna R. Paterson -- The struggle for the reestablishment of Oriental studies in twentieth-century Kazan / Mirkasym A. Usmanov -- Arabic historical studies in twentieth-century Daghestan / Amri R. Shikhsaidov -- The politics of scholarship and the scholarship of politics : imperial, Soviet, and post-Soviet scholars studying Tajikistan / Lisa Yountchi -- Conceiving a people's history : the 1920-1936 discourse on the Kazakh past / Zifa-Alua Auezova -- Ahmad Yasavi and the Divan i hikmat in Soviet scholarship / Devin DeWeese -- Kyrgyz "Muslim-Central Asian" : recent approaches to the study of Kyrgyz culture in Kyrgyzstan / Till Mostowlansky -- The transformation of Azerbaijani Orientalists into Islamic thinkers after 1991 / Altay Goyushov, Naomi Caffee and Robert Denis. |
| 651 #0 - SUBJECT ADDED ENTRY--GEOGRAPHIC NAME |
| Geographic name |
Asia, Central |
| General subdivision |
Study and teaching (Higher) |
| Geographic subdivision |
Soviet Union |
| General subdivision |
History. |
| 651 #0 - SUBJECT ADDED ENTRY--GEOGRAPHIC NAME |
| Geographic name |
Asia, Central |
| General subdivision |
Study and teaching (Higher) |
| Geographic subdivision |
Russia |
| General subdivision |
History. |
| 651 #0 - SUBJECT ADDED ENTRY--GEOGRAPHIC NAME |
| Geographic name |
Asia, Central |
| General subdivision |
Historiography |
| Geographic subdivision |
Soviet Union |
| General subdivision |
History. |
| 651 #0 - SUBJECT ADDED ENTRY--GEOGRAPHIC NAME |
| Geographic name |
Asia, Central |
| General subdivision |
Historiography |
| Geographic subdivision |
Russia |
| General subdivision |
History. |
| 700 1# - ADDED ENTRY--PERSONAL NAME |
| Personal name |
Kemper, Michael. |
| 700 1# - ADDED ENTRY--PERSONAL NAME |
| Personal name |
Conermann, Stephan. |
| 906 ## - LOCAL DATA ELEMENT F, LDF (RLIN) |
| a |
7 |
| b |
cbc |
| c |
orignew |
| d |
1 |
| e |
ecip |
| f |
20 |
| g |
y-gencatlg |
| 942 ## - ADDED ENTRY ELEMENTS (KOHA) |
| Source of classification or shelving scheme |
|
| Koha item type |
Book |